[Event "Krakow op-B 29th"]
[Site "Krakow"]
[Date "2019.01.03"]
[Round "8"]
[White "Saweczko, Tomasz"]
[Black "Dryja, Szymon"]
[Result "1/2-1/2"]
[WhiteElo "1724"]
[BlackElo "1795"]
[PlyCount "164"]
[EventDate "2018.12.27"]
[EventType "swiss"]
[EventRounds "9"]
[EventCountry "POL"]
[SourceTitle "CBM 189 Extra"]
[Source "ChessBase"]
[SourceDate "2019.06.03"]
[SourceVersion "1"]
[SourceVersionDate "2019.06.03"]
[SourceQuality "1"]

1. d4 d5 2. Nf3 Nf6 3. Bf4 e6 4. e3 Be7 5. Nbd2 0-0 6. h3 Nbd7 7. Bd3 c5 8. c3 b6 9. 0-0 Bb7 10. Ne5 Nxe5 11. dxe5 Ne4 12. f3 Nxd2 13. Qxd2 Bg5 14. Rad1 h6 15. Kh2 Qe7 16. Bb1 f5 17. Rg1 Bxf4+ 18. exf4 Rad8 19. Qf2 Rd7 20. g4 d4 21. gxf5 exf5 22. cxd4 cxd4 23. Rg3 Kh8 24. Rxd4 Rxd4 25. Qxd4 Rd8 26. Qc3 Qe6 27. Bc2 Rd7 28. Bb3 Bd5 29. Rg2 Bxb3 30. Qc8+ Kh7 31. axb3 Qf7 32. Re2 Qd5 33. Kg3 h5 34. Qc4 Qd1 35. Qc2 Qg1+ 36. Rg2 Qe1+ 37. Kh2 g6 38. Qc6 Rg7 39. Qc3 Qf1 40. Qe3 Qb5 41. Rd2 Kh6 42. Qd3 Qb4 43. Qe3 Rc7 44. Kg3 Qe7 45. h4 Rc5 46. Qd4 Rc8 47. Qd5 Qb4 48. e6 Re8 49. Qd7 Rxe6 50. Qxe6 Qxd2 51. Qf6 Qe1+ 52. Kg2 Qe8 53. Kf2 Kh7 54. Qd6 Qf7 55. Qb4 Qf6 56. Kg3 Qxb2 57. Qa4 Qg7 58. Qc6 Qe7 59. Qc4 Qb7 60. b4 b5 61. Qc5 Qd7 62. Qf8 Qc7 63. Qc5 Qd7 64. Qf8 Qb7 65. Qd6 Kg7 66. Qe6 Qc7 67. Qd5 Qb6 68. Qd2 Qg1+ 69. Kh3 Qf1+ 70. Kg3 Kh6 71. Qd4 Qe1+ 72. Kh3 Qe8 73. Qd2 Qh8 74. Kg3 Qa1 75. Qd6 Qe1+ 76. Kh3 Qe8 77. Kg3 a5 78. bxa5 Qe1+ 79. Kh3 Qxa5 80. Qf8+ Kh7 81. Qf7+ Kh6 82. Qf8+ Kh7 1/2-1/2

[Event "Krakow op-B 29th"]
[Site "Krakow"]
[Date "2018.12.27"]
[Round "1"]
[White "Saweczko, Tomasz"]
[Black "Gawronski, Lukasz"]
[Result "0-1"]
[WhiteElo "1724"]
[BlackElo "1916"]
[PlyCount "96"]
[EventDate "2018.12.27"]
[EventType "swiss"]
[EventRounds "9"]
[EventCountry "POL"]
[SourceTitle "CBM 189 Extra"]
[Source "ChessBase"]
[SourceDate "2019.06.03"]
[SourceVersion "1"]
[SourceVersionDate "2019.06.03"]
[SourceQuality "1"]

1. d4 e6 2. Nf3 f5 3. Bf4 Nf6 4. h3 b6 5. e3 Bb7 6. Be2 Be7 7. Nbd2 Ne4 8. 0-0 0-0 9. c4 d6 10. Rc1 Nd7 11. d5 e5 12. Bh2 Nxd2 13. Nxd2 a5 14. f4 Qe8 15. Qc2 Qg6 16. e4 fxe4 17. fxe5 dxe5 18. Qxe4 Bc5+ 19. Kh1 Qxe4 20. Nxe4 Bd4 21. Bg4 Nc5 22. Nxc5 bxc5 23. Be6+ Kh8 24. b3 Rf6 25. Rxf6 gxf6 26. Rf1 a4 27. Bg3 axb3 28. axb3 Kg7 29. Bh4 e4 30. g4 h6 31. Bg3 Bc8 32. Bxc8 Rxc8 33. Kg2 Rb8 34. Rb1 Rb7 35. Kf1 Kg6 36. h4 h5 37. gxh5+ Kxh5 38. Be1 f5 39. Kg2 Kg4 40. b4 f4 41. b5 e3 42. Ba5 f3+ 43. Kf1 Kg3 44. h5 e2+ 45. Ke1 Bf2+ 46. Kd2 e1Q+ 47. Rxe1 Bxe1+ 48. Kxe1 Kg2 0-1

[Event "Lazy op 14th"]
[Site "Lazy"]
[Date "2018.07.02"]
[Round "8"]
[White "Saweczko, Tomasz"]
[Black "Kindler, Karolina"]
[Result "1-0"]
[WhiteElo "1615"]
[BlackElo "1784"]
[PlyCount "49"]
[EventDate "2018.06.24"]
[EventType "swiss"]
[EventRounds "9"]
[EventCountry "POL"]
[SourceTitle "CBM 185 Extra"]
[Source "ChessBase"]
[SourceDate "2018.07.29"]
[SourceVersion "1"]
[SourceVersionDate "2018.07.29"]
[SourceQuality "1"]

1. e4 c5 2. Nc3 e6 3. f4 d6 4. Nf3 Nf6 5. Bb5+ Bd7 6. 0-0 a6 7. Bxd7+ Qxd7 8. d3 Be7 9. Qe1 Nc6 10. e5 dxe5 11. fxe5 Nd5 12. Ne4 Ndb4 13. Qf2 Nd4 14. Nxd4 Qxd4 15. Be3 Qxe5 16. Qxf7+ Kd8 17. Bf4 Qd4+ 18. Kh1 Nxc2 19. Bc7+ Kxc7 20. Qxe7+ Kb6 21. Rf7 Rab8 22. Rc1 Ne3 23. Nxc5 Rhc8 24. Qxe6+ Kb5 25. Rxb7+ 1-0

[Event "Lazy op 14th"]
[Site "Lazy"]
[Date "2018.06.26"]
[Round "3"]
[White "Madej, Marek"]
[Black "Saweczko, Tomasz"]
[Result "1-0"]
[WhiteElo "1786"]
[BlackElo "1615"]
[PlyCount "89"]
[EventDate "2018.06.24"]
[EventType "swiss"]
[EventRounds "9"]
[EventCountry "POL"]
[SourceTitle "CBM 185 Extra"]
[Source "ChessBase"]
[SourceDate "2018.07.29"]
[SourceVersion "1"]
[SourceVersionDate "2018.07.29"]
[SourceQuality "1"]

1. e4 e5 2. Nf3 Nc6 3. d4 exd4 4. Nxd4 Bb4+ 5. c3 Bc5 6. Be3 Bb6 7. g3 d6 8. Bg2 Nf6 9. 0-0 0-0 10. h3 Re8 11. Nd2 Bd7 12. Qc2 Ne5 13. f4 Ng6 14. Rae1 Qc8 15. Kh2 c5 16. N4b3 Bc6 17. Bg1 a5 18. Nc4 Bc7 19. Nbd2 b5 20. Ne3 Qb7 21. Nf5 Re6 22. g4 Rae8 23. Ng3 Nh4 24. Bh1 d5 25. e5 Nxg4+ 26. hxg4 Rh6 27. Nh5 Bd8 28. Kg3 Qe7 29. Bf3 Bd7 30. Bf2 Rxh5 31. gxh5 Qe6 32. Bg1 Qh3+ 33. Kf2 c4 34. Bxd5 Bb6+ 35. Ke2 Bg4+ 36. Nf3 Rd8 37. Rd1 Qg2+ 38. Bf2 Nxf3 39. Qb1 Ng1+ 40. Ke1 Nf3+ 41. Bxf3 Bxf2+ 42. Rxf2 Qg1+ 43. Ke2 Bxf3+ 44. Rxf3 Qg2+ 45. Ke3 1-0